000 00344nam a2200133 i 4500
001 bg
100 1 _aSYRJAEV, J. S.
245 0 _aEkonomiczny Mechanizm integracji socjalistycznej :
_bzarys teorii /
_cJ.S. Syrjaev.
260 _aWarszawa,
_c1977.
040 _cBPK
041 _apol
942 _cKS
008 s pl f |000 0 pol
999 _c27007
_d27007
856 _uhttp://koha.tu.koszalin.pl/cgi-bin/koha/opac-detail.pl?biblionumber=27007
_yKatalog online BPK